00239nam a2200085Ia 4500008004100000245002800041260000900069650001300078856006200091170221s9999 xx 000 0 und d aAims & Scope (page 802) c2015 xBusiness uhttp://onlinelibrary.wiley.com/doi/10.1111/jbfa.12191/pdf